00454nam a2200085Ia 4500008004100000245001200041300025500053650001600308856004400324170517s9999 xx 000 0 und d aMcLibel aMcLibel is the story of two ordinary people who humiliated McDonald's in the biggest corporate PR disaster in history. McDonald's loved using the UK libel laws to suppress criticism. Major media organizations like the BBC and The Guardian crumbled... xTechnology. uhttp://topdocumentaryfilms.com/mclibel/